Biología, taxonomía y estructura fina de Chaetophorales (Chlorophyceae, Chlorophyta) /

Guardado en:
Otros Autores: Michetti, Karina Mariel. (Disertante), Cáceres, Eduardo J. (Orientador)
Formato: Manuscrito
Idioma:Spanish
Publicado: 2003.
Materias:
Etiquetas: Agregar Etiqueta
Sin Etiquetas, Sea el primero en etiquetar este registro!
LEADER 00916ntm a22002175a 4500
001 EUN.eunm000266
005 20190429093644.0
008 040902s2003####ag#######bm###000#0#spa#d
082 0 4 |a 589.47  |2 20 
100 1 |a Michetti, Karina Mariel.  |4 dis 
245 1 0 |a Biología, taxonomía y estructura fina de Chaetophorales (Chlorophyceae, Chlorophyta) /  |c Karina Mariel Michetti. 
260 |c 2003. 
300 |a 196 h. ;  |c 30 cm. 
500 |a Director de tesis: Eduardo J. Cáceres. 
502 |a Tesis (doctoral)--Universidad Nacional del Sur. Departamento de Biología, Bioquímica y Farmacia, 2004. 
504 |a Incluye referencias bibliográficas. 
650 7 |a Algas.  |2 unbist 
650 7 |a Botánica.  |2 unbist 
700 1 |a Cáceres, Eduardo J.  |4 ths 
710 2 |a Universidad Nacional del Sur.  |b Departamento deBiología, Bioquímica y Farmacia.  |4 dgg. 
859 |a AR-BaUNS  |b BIB. CENTRAL - Tesis  |h 040  |i B148 2004-644  |k R  |p 114521/004